| 000 | 01486nam a22003614a 4500 | ||
|---|---|---|---|
| 001 | ebr10173498 | ||
| 003 | CaPaEBR | ||
| 006 | m u | ||
| 007 | cr cn||||||||| | ||
| 008 | 011101s2002 enka sb 000 0 eng | ||
| 010 | _z 2001052815 | ||
| 020 | _z0851995632 (alk. paper) | ||
| 040 |
_aCaPaEBR _cCaPaEBR |
||
| 035 | _a(OCoLC)56978962 | ||
| 050 | 1 | 4 |
_aS596.7 _b.C75 2002eb |
| 082 | 0 | 4 |
_a630/.1/13 _221 |
| 245 | 0 | 0 |
_aCrop-soil simulation models _h[electronic resource] : _bapplications in developing countries / _cedited by Robin Matthews and William Stephens. |
| 260 |
_aWallingford, Oxon, UK ; _aNew York, NY, USA : _bCABI Pub., _cc2002. |
||
| 300 |
_axiv, 277 p. : _bill. |
||
| 504 | _aIncludes bibliographical references (p. 235-265). | ||
| 533 |
_aElectronic reproduction. _bPalo Alto, Calif. : _cebrary, _d2013. _nAvailable via World Wide Web. _nAccess may be limited to ebrary affiliated libraries. |
||
| 650 | 0 |
_aCrops and soils _xComputer simulation. |
|
| 650 | 0 |
_aCrops _xComputer simulation. |
|
| 650 | 0 |
_aSoils _xComputer simulation. |
|
| 650 | 0 |
_aCrops and soils _xMathematical models. |
|
| 650 | 0 |
_aCrops _xMathematical models. |
|
| 650 | 0 |
_aSoils _xMathematical models. |
|
| 655 | 7 |
_aElectronic books. _2local |
|
| 700 | 1 | _aMatthews, Robin B. | |
| 700 | 1 |
_aStephens, William, _cPh. D. |
|
| 710 | 2 | _aebrary, Inc. | |
| 856 | 4 | 0 |
_uhttp://site.ebrary.com/lib/rucke/Doc?id=10173498 _zAn electronic book accessible through the World Wide Web; click to view |
| 999 |
_c248218 _d248218 |
||